000 00777cam a2200277 4500500
005 20260329004049.0
041 _afre
042 _adc
100 1 0 _aGarnier, Philippe
_eauthor
245 0 0 _aJean-Paul Sartre vu par Étienne Bimbenet
260 _c2018.
500 _a52
690 _aAron
690 _aEngagement
690 _aÉtienne Bimbenet
690 _aExistentialisme
690 _aHeidegger
690 _aHusserl
690 _aLiberté
690 _aLibre arbitre
690 _aMerleau-Ponty
690 _aPhénoménologie
690 _aSartre
786 0 _nPhilosophie magazine | 120 | 6 | 2018-06-01 | p. 37-37 | 1951-1787
856 4 1 _uhttps://shs.cairn.info/magazine-philosophie-magazine-2018-6-page-37?lang=fr&redirect-ssocas=7080
999 _c1830291
_d1830291